00503nam a2200193 a 4500001001300000003000900013005001700022008004100039020002300080082001500103100001600118245003900134260003800173300000900211500003500220505001100255650002700266700001600293nice12345678IN_TiNIC20260116014755.0090403s2008 dela grp 000 0 eng  a9788189981105c70000a305.4bMEN aMenon, Usha aWomen and Work in Globalising Asia aDelhi bSwastik Publishers c2008 a264p aincludes index and biblioraphy2 abiblio aWomen and Human Rights1 aMenon, Usha